000 00577nam a22001697a 4500
003 NUST
038 _aNusrat Nadeem
082 _a200
100 _aWadood, Abdul
_931532
245 _aBusiness Model Innovation for Crisis Management: A Study of Pakistani Startups leveraging Dynamic Capabilities/
_cAbdul Wadood
264 _aIslamabad;
_bNBS NUST;
_c2024.
300 _a143,p;
650 _aMS- Innovation and Entrepreneurship
_9114384
700 _aSupervisor: Dr. Madiha Gohar
_9119923
856 _uhttp://10.250.8.41:8080/xmlui/handle/123456789/47216
942 _2ddc
_cSC
999 _c612074
_d612074